Loading...
| Fine Arts - Classical Music | 0 | 9 | 0 | 0 | 90 | 13 | 56.89 | 2 | 9 |
| Philosophy | 0 | 8 | 1 | 0 | 75 | 35 | 58.75 | 2 | 8 |
| Science - Physics | 0 | 5 | 0 | 0 | 50 | 40 | 53.40 | 2 | 5 |
| Literature - World Literature | 0 | 4 | 0 | 1 | 40 | 86 | 111.00 | 0 | 1 |
| Literature - British Literature | 0 | 4 | 0 | 0 | 40 | 77 | 96.25 | 0 | 2 |
| Science - Chemistry | 0 | 4 | 0 | 0 | 40 | 37 | 59.00 | 1 | 3 |
| Fine Arts - Other Fine Arts | 0 | 4 | 0 | 0 | 40 | 42 | 55.00 | 3 | 4 |
| Literature - European Literature | 0 | 3 | 0 | 0 | 30 | 61 | 72.00 | 0 | 3 |
| History - European History | 0 | 3 | 0 | 0 | 30 | 78 | 85.33 | 1 | 3 |
| History - Other History | 0 | 3 | 0 | 0 | 30 | 68 | 92.33 | 1 | 2 |
| Science - Other Science | 0 | 3 | 1 | 0 | 25 | 58 | 68.00 | 1 | 3 |
| Current Events | 0 | 2 | 0 | 0 | 20 | 56 | 84.50 | 0 | 1 |
| History - American History | 0 | 2 | 0 | 0 | 20 | 44 | 67.50 | 0 | 1 |
| Mythology | 0 | 1 | 0 | 0 | 10 | 103 | 103.00 | 0 | 1 |
| Religion | 0 | 1 | 0 | 0 | 10 | 101 | 101.00 | 0 | 0 |
| Science - Biology | 0 | 1 | 0 | 0 | 10 | 91 | 91.00 | 0 | 0 |
| Literature - American Literature | 0 | 1 | 0 | 0 | 10 | 84 | 84.00 | 0 | 0 |
| History - World History | 0 | 1 | 1 | 0 | 5 | 43 | 43.00 | 0 | 1 |
| Fine Arts - Painting and Sculpture | 0 | 1 | 2 | 0 | 0 | 92 | 92.00 | 0 | 0 |
| Social Science | 0 | 1 | 2 | 0 | 0 | 103 | 103.00 | 0 | 0 |